01469nam a2200229 a 4500001001500000005001700015008004100032020003500073020003000108040000600138100001900144245007100163250001200234260003600246300002100282490002600303520076400329700001901093700001901112830002601131856008201157ASIN174104694720170105102923.0131209s2009 xxu eng d a1741046947 (paperback)c$22.99 a9781741046946 (paperback) a01 aBedford, Neal.10aLonely planet hungary /cNeal Bedford, Lisa Dunford, Steve Fallon. a6th ed. a[S.l.] :bLonely Planet,c2009. a428 p. ;c20 cm.1 aCountry travel guide. aExperience the best of Hungary with Lonely Planet's 6th edition. Discover the quiet beauty and fascinating culture of this charming country - relax in Art Nouveau splendour at a thermal bath, treat your palate to the excellent local wines or watch history unfold as you drift down the Danube. Lonely Planet guides are written by experts who get to the heart of every destination they visit. This fully updated edition is packed with accurate, practical and honest advice, designed to give you the information you need to make the most of your trip. In This Guide: Essential color section illustrating Hungary's highlights Unique interviews with a potter, Klezmer band and a cycling specialist Activities chapter includes horse riding, hiking, caving and more.1 aDunford, Lisa.1 aFallon, Steve. 0aCountry travel guide.403Amazon.comuhttp://www.amazon.com/exec/obidos/ASIN/1741046947/chopaconline-20